<?xml version="1.0" encoding="UTF-8"?><?xml-stylesheet type="text/xsl" href="static/style.xsl"?><OAI-PMH xmlns="http://www.openarchives.org/OAI/2.0/" xmlns:xsi="http://www.w3.org/2001/XMLSchema-instance" xsi:schemaLocation="http://www.openarchives.org/OAI/2.0/ http://www.openarchives.org/OAI/2.0/OAI-PMH.xsd"><responseDate>2026-04-18T07:15:01Z</responseDate><request verb="GetRecord" identifier="oai:www.recercat.cat:20.500.14226/1251" metadataPrefix="marc">https://recercat.cat/oai/request</request><GetRecord><record><header><identifier>oai:recercat.cat:20.500.14226/1251</identifier><datestamp>2026-01-15T12:14:07Z</datestamp><setSpec>com_2072_482492</setSpec><setSpec>com_2072_482491</setSpec><setSpec>com_2072_5211</setSpec><setSpec>col_2072_482497</setSpec></header><metadata><record xmlns="http://www.loc.gov/MARC21/slim" xmlns:dcterms="http://purl.org/dc/terms/" xmlns:xsi="http://www.w3.org/2001/XMLSchema-instance" xmlns:doc="http://www.lyncode.com/xoai" xsi:schemaLocation="http://www.loc.gov/MARC21/slim http://www.loc.gov/standards/marcxml/schema/MARC21slim.xsd">
   <leader>00925njm 22002777a 4500</leader>
   <datafield ind2=" " ind1=" " tag="042">
      <subfield code="a">dc</subfield>
   </datafield>
   <datafield ind2=" " ind1=" " tag="720">
      <subfield code="a">Consell d’Europa</subfield>
      <subfield code="e">author</subfield>
   </datafield>
   <datafield ind2=" " ind1=" " tag="260">
      <subfield code="c">2010-04</subfield>
   </datafield>
   <datafield ind2=" " ind1=" " tag="520">
      <subfield code="a">Las normas penitenciarias reflejan el compromiso de tratar a los reclusos de forma justa y equitativa. El primer intento de establecer estas reglas en Europa se produjo en 1973, introduciendo las reglas mínimas europeas para el trato de los reclusos, mediante la resolución (73)5 del Consejo de Europa. Estas reglas pretendían adaptar a las condiciones europeas las reglas mínimas de Naciones Unidas para el trato de los reclusos, que ya fueron formuladas en 1955. En 1987 las normas penitenciarias europeas fueron revisadas a conciencia a fin de que pudieran, como expresa la exposición de motivos, “recoger las necesidades y aspiraciones de las administraciones penitenciarias, de los reclusos y del personal de prisiones en un enfoque coherente de la gestión y el trato que sea positivo, realista y contemporáneo”. La actual revisión tiene el mismo objetivo general. Como sus predecesoras, se fundamenta tanto en las reglas penitenciarias previas como en los valores del Convenio Europeo para la Protección de los Derechos Humanos. Sin embargo, desde 1987, se han producido muchos desarrollos en el derecho y la práctica penitenciarios en Europa. Los cambios evolutivos en la sociedad, la política penal, la práctica y la investigación de las sentencias, junto con la adhesión al Consejo de Europa de nuevos Estados miembros, han cambiado significativamente el contexto de la gestión penitenciaria y el trato de los reclusos.</subfield>
   </datafield>
   <datafield ind1="8" ind2=" " tag="024">
      <subfield code="a">https://hdl.handle.net/20.500.14226/1251</subfield>
   </datafield>
   <datafield tag="653" ind2=" " ind1=" ">
      <subfield code="a">Drets humans--Europa</subfield>
   </datafield>
   <datafield tag="653" ind2=" " ind1=" ">
      <subfield code="a">Delictes internacionals</subfield>
   </datafield>
   <datafield tag="653" ind2=" " ind1=" ">
      <subfield code="a">Drets civils</subfield>
   </datafield>
   <datafield tag="653" ind2=" " ind1=" ">
      <subfield code="a">Presons</subfield>
   </datafield>
   <datafield ind2="0" ind1="0" tag="245">
      <subfield code="a">Comentario a las normas penitenciarias europeas</subfield>
   </datafield>
</record></metadata></record></GetRecord></OAI-PMH>